Statistiques concernant Films de Quentin Dupieux par image

Cliquez ici pour prendre le quiz!

Statistiques générales

  • Ce quiz a été pris 97 fois
    (65 depuis la dernière actualisation)
  • Le résultat moyen est 7 sur 10

Statistiques - réponses

Réponse% Correct
Yannick
88%
Fumer fait tousser
87%
Le Daim
83%
Au poste !
72%
Mandibules
72%
Steak
62%
Incroyable mais vrai
58%
Réalité
58%
Rubber
57%
Wrong Cops
42%

Distribution des résultats

Percentile par nombre de réponses

% des personnes avec chaque résultat

Votre développement - résultats

Vous n’avez pas pris ce quiz depuis la dernière actualisation